Your questions as to women in war industries: Types of jobs. (Record no. 36407)

MARC details
000 -LEADER
fixed length control field 01114cam a22002531 4500
001 - CONTROL NUMBER
control field l 42000208
003 - CONTROL NUMBER IDENTIFIER
control field DLC
005 - DATE AND TIME OF LATEST TRANSACTION
control field 20260227111538.0
008 - FIXED-LENGTH DATA ELEMENTS--GENERAL INFORMATION
fixed length control field 931014s1942 dcu f000 0 eng c
010 ## - LIBRARY OF CONGRESS CONTROL NUMBER
LC control number l 42000208
035 ## - SYSTEM CONTROL NUMBER
System control number (OCoLC)29017900
040 ## - CATALOGING SOURCE
Original cataloging agency U.S. Dept. of labor
Transcribing agency OrU
Modifying agency DLC
050 00 - LIBRARY OF CONGRESS CALL NUMBER
Classification number HD6093
Item number .A35 no. 194
082 ## - DEWEY DECIMAL CLASSIFICATION NUMBER
Classification number 331.4 s
100 1# - MAIN ENTRY--PERSONAL NAME
Personal name Pidgeon, Mary Elizabeth.
245 10 - TITLE STATEMENT
Title Your questions as to women in war industries: Types of jobs.
Remainder of title Replacement of men by women. Employment and unemployment. Attitudes of employers. Operation of labor laws. Wages of men and women. Training. British experience ...
260 ## - PUBLICATION, DISTRIBUTION, ETC.
Place of publication, distribution, etc. Washington,
Name of publisher, distributor, etc. U.S. Govt. print. off.,
Date of publication, distribution, etc. 1942.
300 ## - PHYSICAL DESCRIPTION
Extent 1 p. l. 10 p.
Dimensions 23 cm.
440 #0 - SERIES STATEMENT/ADDED ENTRY--TITLE
Title Bulletin (United States. Women's Bureau)
Volume/sequential designation no. 194
500 ## - GENERAL NOTE
General note At head of title: United States Dept. of labor, Frances Perkins, secretary. Women's bureau, Mary Anderson, director.
500 ## - GENERAL NOTE
General note "Prepared by Mary Elizabeth Pidgeon."--Letter of transmittal.
650 #0 - SUBJECT ADDED ENTRY--TOPICAL TERM
Topical term or geographic name entry element Women
General subdivision Employment
Geographic subdivision United States.
650 #0 - SUBJECT ADDED ENTRY--TOPICAL TERM
Topical term or geographic name entry element World War, 1939-1945
General subdivision Women
Geographic subdivision United States.

No items available.

Powered by Koha